[Event "14. Lichtenberger Sommer"]
[Site "14. Lichtenberger Sommer"]
[Date "2015.08.18"]
[Round "4.110"]
[White "Wölfert, Jürgen"]
[Black "Franke, Philipp"]
[Result "1-0"]
[WhiteElo "1776"]
[BlackElo "1206"]
[PlyCount "45"]
[EventDate "2015.??.??"]
[WhiteTeam "BSC Rehberge 1945 e.V."]
[BlackTeam "SC Weisse Dame (Berlin)"]

1. e4 c5 2. Nf3 d6 3. d4 cxd4 4. Nxd4 Nf6 5. Nc3 g6 6. Bc4 Bg7 7. O-O O-O 8.
Be3 Ng4 9. Bc1 Qb6 10. Nde2 Be6 11. Bxe6 fxe6 12. Nf4 Bxc3 13. Qxg4 Rxf4 14.
Bxf4 Bf6 15. Qxe6+ Kg7 16. Be3 Qxb2 17. Rab1 Qxc2 18. Rfc1 Qd3 19. Qh3 Qxe4 20.
Qh6+ Kf7 21. Qxh7+ Ke6 22. Qg8+ Kd7 23. Qc8# 1-0

[Event "14. Lichtenberger Sommer"]
[Site "14. Lichtenberger Sommer"]
[Date "2015.08.18"]
[Round "4.111"]
[White "Baumgaertner, Andre"]
[Black "Allaart, Janne"]
[Result "1/2-1/2"]
[WhiteElo "1783"]
[BlackElo "1454"]
[PlyCount "106"]
[EventDate "2015.??.??"]
[WhiteTeam "SC Friesen Lichtenberg"]
[BlackTeam "HMC Den Bosch"]

1. d4 d5 2. c4 e6 3. Nc3 Nf6 4. Bg5 Be7 5. e3 O-O 6. Nf3 h6 7. Bf4 b6 8. Be2
Bb7 9. h3 Bd6 10. cxd5 Bxf4 11. exf4 Nxd5 12. Qd2 Qd6 13. g3 Nd7 14. O-O N7f6
15. Rac1 a6 16. a3 Rac8 17. Ne5 Nxc3 18. Qxc3 Ne4 19. Qd3 Rfd8 20. Rfd1 f6 21.
Nc4 Qd7 22. Bf3 f5 23. Ne5 Qa4 24. Rc4 Qe8 25. b4 Bd5 26. Rc2 Qa4 27. Rdc1 c6
28. Be2 Rd6 29. Qxa6 Qxa6 30. Bxa6 Ra8 31. Bb7 Rxa3 32. Nxc6 Bxc6 33. Bxc6 Rxd4
34. b5 h5 35. Be8 h4 36. Bg6 Rd8 37. Rc8 Rf8 38. Bh7+ Kxh7 39. Rxf8 hxg3 40.
fxg3 Rxg3+ 41. Kh2 Rf3 42. Rb8 Rxf4 43. Rxb6 Rf2+ 44. Kg1 Rb2 45. Rf1 g6 46.
Rc1 Kh6 47. Rxe6 Rxb5 48. Rcc6 Rb1+ 49. Kg2 Rb2+ 50. Kf1 Rb1+ 51. Ke2 Rg1 52.
h4 Rg4 53. Re8 Rxh4 1/2-1/2

[Event "14. Lichtenberger Sommer"]
[Site "14. Lichtenberger Sommer"]
[Date "2015.08.18"]
[Round "4.112"]
[White "Lange, Johannes Friedrich"]
[Black "Schilly, Hans-Joachim"]
[Result "0-1"]
[WhiteElo "1506"]
[BlackElo "1839"]
[PlyCount "136"]
[EventDate "2015.??.??"]
[WhiteTeam "Schachunion Berlin"]
[BlackTeam "SF Siemensstadt"]

1. d4 d5 2. c4 e5 3. dxe5 d4 4. e3 Bb4+ 5. Bd2 dxe3 6. fxe3 Nc6 7. Nc3 Be6 8.
Nf3 Nge7 9. Be2 O-O 10. a3 Bxc3 11. Bxc3 Nf5 12. Bd2 Nh4 13. O-O Nxf3+ 14. Rxf3
Nxe5 15. Rf4 c5 16. Qc2 Ng6 17. Rf2 Qe7 18. Rd1 Rad8 19. Bc3 Rxd1+ 20. Qxd1 Rd8
21. Qc2 Qd7 22. Rf1 Qe7 23. Rd1 Bd7 24. e4 Bc6 25. Rxd8+ Qxd8 26. Qd3 Qxd3 27.
Bxd3 Nf4 28. Bc2 Ne2+ 29. Kf2 Nxc3 30. bxc3 f6 31. Ke3 Kf7 32. g3 Ke6 33. e5
Kxe5 34. Bxh7 f5 35. Bg6 Bg2 36. Bh5 Bf1 37. Bf7 g5 38. Bd5 b6 39. Kf3 Bh3 40.
Ke3 Bf1 41. Kf3 Bd3 42. Ke3 Bc2 43. Bc6 Kd6 44. Bd5 Bb3 45. h4 gxh4 46. gxh4
Ke5 47. Kf3 Bd1+ 48. Ke3 f4+ 49. Kf2 a6 50. Bb7 a5 51. Bc6 Bh5 52. Bf3 Bf7 53.
Bd5 Bg6 54. Kf3 Bh5+ 55. Kf2 Kf5 56. Bc6 Kg4 57. Bf3+ Kxh4 58. Bxh5 Kxh5 59.
Kf3 Kg5 60. Kf2 Kg4 61. Kg2 f3+ 62. Kf1 Kf4 63. Kf2 a4 64. Kf1 Ke3 65. Ke1 f2+
66. Kf1 Kd3 67. Kxf2 Kxc3 68. Ke1 Kxc4 0-1

[Event "14. Lichtenberger Sommer"]
[Site "14. Lichtenberger Sommer"]
[Date "2015.08.18"]
[Round "4.113"]
[White "Raasch, Hauke"]
[Black "Kretzschmar, Jan"]
[Result "0-1"]
[WhiteElo "1211"]
[BlackElo "1830"]
[PlyCount "64"]
[EventDate "2015.??.??"]
[WhiteTeam "SC Eintracht Berlin e.V."]
[BlackTeam "SC Kreuzberg"]

1. d4 Nf6 2. Nf3 d5 3. e3 e6 4. Bd3 c5 5. c3 Nc6 6. Nbd2 Be7 7. O-O O-O 8. dxc5
Bxc5 9. e4 Qc7 10. exd5 exd5 11. Nb3 Bd6 12. h3 h6 13. Be3 Bd7 14. Qd2 Ne4 15.
Bxe4 dxe4 16. Nfd4 Ne5 17. Qe2 a6 18. Bf4 Nc4 19. Bxd6 Nxd6 20. Rad1 Rad8 21.
Rfe1 Rfe8 22. Qd2 Bc8 23. f3 Nc4 24. Qc2 exf3 25. Nxf3 Rxd1 26. Qxd1 Rd8 27.
Qc2 Qg3 28. Qf2 Qxf2+ 29. Kxf2 Nxb2 30. Rb1 Na4 31. c4 Nc3 32. Rb2 Nd1+ 0-1

[Event "14. Lichtenberger Sommer"]
[Site "14. Lichtenberger Sommer"]
[Date "2015.08.18"]
[Round "4.114"]
[White "Dittrich, Hans-Juergen"]
[Black "Schröder, Ralf"]
[Result "0-1"]
[WhiteElo "1401"]
[BlackElo "1672"]
[PlyCount "68"]
[EventDate "2015.??.??"]
[WhiteTeam "vereinslos"]
[BlackTeam "Potsdamer SV Mitte e.V."]

1. c4 Nf6 2. g3 e6 3. Bg2 Nc6 4. e3 d5 5. Nc3 Nb4 6. Qa4+ Bd7 7. Qb3 dxc4 8.
Qd1 Nd3+ 9. Ke2 c6 10. b3 Nxc1+ 11. Qxc1 cxb3 12. axb3 Be7 13. Nf3 O-O 14. Rd1
Nd5 15. Nxd5 cxd5 16. Kf1 Qb6 17. Qb2 Bb5+ 18. Kg1 Bc4 19. Rab1 Bd3 20. Ra1 Bf6
21. Nd4 e5 22. Nf3 e4 23. Nd4 Rfc8 24. Rdc1 Rc4 25. Rxc4 dxc4 26. Ra3 Rd8 27.
Qa2 Bxd4 28. exd4 cxb3 29. Qxb3 Qxb3 30. Rxb3 b6 31. Bf1 Rxd4 32. Rc3 Kf8 33.
Rc8+ Ke7 34. Rc7+ Rd7 0-1

[Event "14. Lichtenberger Sommer"]
[Site "14. Lichtenberger Sommer"]
[Date "2015.08.18"]
[Round "4.115"]
[White "Vural, Argun"]
[Black "Fock, Sana"]
[Result "0-1"]
[WhiteElo "1567"]
[BlackElo "1532"]
[PlyCount "56"]
[EventDate "2015.??.??"]
[WhiteTeam "SF Friedrichshagen"]
[BlackTeam "SK International Berlin"]

1. d4 d5 2. Nf3 Nf6 3. Bf4 Bf5 4. e3 e6 5. c4 Bb4+ 6. Nbd2 c6 7. a3 Ba5 8. b4
Bc7 9. Ne5 Nbd7 10. Ndf3 Nxe5 11. Nxe5 Nd7 12. Qh5 Nxe5 13. Bxe5 Bxe5 14. dxe5
Bg6 15. Qd1 O-O 16. Be2 f6 17. exf6 Rxf6 18. O-O Qd7 19. Qb3 dxc4 20. Qxc4 Qd5
21. Qc3 Raf8 22. Rad1 Qg5 23. Bc4 Be4 24. g3 Qh4 25. f4 Rg6 26. Bxe6+ Kh8 27.
Qe5 Rxg3+ 28. hxg3 Qxg3# 0-1

[Event "14. Lichtenberger Sommer"]
[Site "14. Lichtenberger Sommer"]
[Date "2015.08.18"]
[Round "4.116"]
[White "Kriuckova, Sonia"]
[Black "Bartoszewski-Reiski, Olaf"]
[Result "0-1"]
[WhiteElo "1256"]
[BlackElo "1383"]
[PlyCount "96"]
[EventDate "2015.??.??"]
[WhiteTeam "SV Empor Berlin"]
[BlackTeam "BKS Chemik Bydgoszcz"]

1. e4 c5 2. d4 cxd4 3. c3 dxc3 4. Nxc3 Nc6 5. Bc4 e6 6. Be3 Nf6 7. Nf3 Bb4 8.
Bd3 d5 9. exd5 Nxd5 10. Qb3 Bxc3+ 11. bxc3 Nxe3 12. fxe3 Qxd3 13. Rd1 Qxe3+ 14.
Kf1 Qb6 15. Qc4 Bd7 16. Qd3 Qa6 17. c4 Rd8 18. Ng5 Ne5 19. Qe4 Qxc4+ 20. Qxc4
Nxc4 21. Kf2 O-O 22. Rhe1 Bc6 23. Kg1 Rxd1 24. Rxd1 Bd5 25. Nf3 Bxf3 26. gxf3
Ne5 27. Kg2 Nc6 28. Rd7 b6 29. Rc7 Ne5 30. Rb7 Rc8 31. Kf2 h6 32. Rc7 Kf8 33.
a3 Nd3+ 34. Ke2 Nc5 35. Kf2 Ke8 36. Ke2 Kd8 37. Rxc5 bxc5 38. Kd3 Kd7 39. Kc4
a6 40. a4 f5 41. Kd3 g5 42. h3 Kd6 43. a5 f4 44. Kc3 c4 45. Kd2 Kd5 46. Ke2 c3
47. Kd1 Kd4 48. Kc1 c2 0-1

[Event "14. Lichtenberger Sommer"]
[Site "14. Lichtenberger Sommer"]
[Date "2015.08.18"]
[Round "4.117"]
[White "Kaufmann, Matthias"]
[Black "Scholz, Felix"]
[Result "0-1"]
[WhiteElo "1541"]
[BlackElo "1100"]
[PlyCount "70"]
[EventDate "2015.??.??"]
[WhiteTeam "vereinslos"]
[BlackTeam "vereinslos"]

1. d4 d5 2. Nf3 Nf6 3. Bf4 e6 4. Nbd2 c5 5. Bxb8 Rxb8 6. dxc5 Bxc5 7. e3 O-O 8.
c4 Re8 9. Rc1 b6 10. Ne5 Qd6 11. Nd3 Bb7 12. b4 Bxb4 13. Nxb4 Qxb4 14. Be2 Ne4
15. Rc2 Rbc8 16. cxd5 Bxd5 17. Qc1 Qxd2+ 18. Qxd2 Nxd2 19. Rxd2 Bxg2 20. Rg1
Bd5 21. f3 f5 22. e4 fxe4 23. fxe4 Bxe4 24. Rd7 g6 25. Rxa7 Rc2 26. h4 h6 27.
h5 Rec8 28. hxg6 R8c7 29. Ra4 Bd5 30. Rf4 Rxa2 31. Rgf1 Kg7 32. Rf8 Ra1+ 33.
Bd1 Bb3 34. R8f7+ Rxf7 35. gxf7 Rxd1+ 0-1

[Event "14. Lichtenberger Sommer"]
[Site "14. Lichtenberger Sommer"]
[Date "2015.08.18"]
[Round "4.118"]
[White "Lieger, Lucas"]
[Black "Schmole-Rostosky, Joachim"]
[Result "0-1"]
[WhiteElo "851"]
[BlackElo "1598"]
[PlyCount "84"]
[EventDate "2015.??.??"]
[WhiteTeam "SC Eintracht Berlin e.V."]
[BlackTeam "SF SW Merzhausen"]

1. d4 d5 2. Bf4 Nf6 3. Nf3 c6 4. e3 Bg4 5. Be2 Nbd7 6. Nc3 e6 7. Ne5 Bxe2 8.
Qxe2 Nxe5 9. dxe5 Nd7 10. O-O Qb6 11. Na4 Qb4 12. b3 Nb6 13. Nxb6 Qxb6 14. Qg4
c5 15. c4 O-O-O 16. Bg5 Rd7 17. Rfd1 d4 18. e4 h6 19. Bf4 g5 20. Bd2 Qc7 21. f4
Be7 22. Re1 f6 23. fxg5 Qxe5 24. g3 Rdd8 25. Rf1 hxg5 26. Qf3 Rdg8 27. a4 g4
28. Qf4 Qh5 29. Rf2 Kd7 30. a5 Rg6 31. a6 b6 32. Rb1 Bd6 33. Qxd6+ Kxd6 34. b4
Rg7 35. Rxf6 Qxh2+ 36. Kf1 Qh1+ 37. Ke2 Qxb1 38. Bf4+ Ke7 39. Be5 Qxe4+ 40. Kd2
Qxe5 41. Rf1 Rh2+ 42. Kd3 Qe3# 0-1

[Event "14. Lichtenberger Sommer"]
[Site "14. Lichtenberger Sommer"]
[Date "2015.08.18"]
[Round "4.119"]
[White "Janse, Circe"]
[Black "Jiranek, Benno"]
[Result "1/2-1/2"]
[WhiteElo "850"]
[BlackElo "1454"]
[PlyCount "107"]
[EventDate "2015.??.??"]
[WhiteTeam "SSV Klim-Op"]
[BlackTeam "SC Kreuzberg"]

1. e4 e6 2. d4 d5 3. exd5 exd5 4. Bd3 Be7 5. Ne2 Nf6 6. O-O Bg4 7. Bg5 h6 8.
Be3 O-O 9. Nbc3 c6 10. Qd2 Nh7 11. Bxh7+ Kxh7 12. Qd3+ g6 13. Qd2 Bg5 14. Bxg5
Qxg5 15. Qxg5 hxg5 16. Rfe1 Re8 17. Ng3 Na6 18. h3 Bd7 19. a3 f5 20. Re5 Re6
21. Rxe6 Bxe6 22. Re1 Nc7 23. Na4 b6 24. Nc3 Re8 25. Re5 Kg7 26. Kf1 Re7 27.
Ke1 Kf6 28. Re2 f4 29. Nf1 Bf5 30. Rxe7 Kxe7 31. Kd2 Ne6 32. Ne2 Be4 33. f3 Bf5
34. g4 fxg3 35. Nfxg3 Bxh3 36. c3 c5 37. Ng1 Bg2 38. Ke2 cxd4 39. cxd4 a5 40.
a4 Kd7 41. Kf2 Nf4 42. N3e2 Bh1 43. Nxf4 gxf4 44. Nh3 Kc6 45. Nxf4 g5 46. Nh3
g4 47. Ng5 Bxf3 48. Nxf3 gxf3 49. Kxf3 b5 50. b3 bxa4 51. bxa4 Kd6 52. Ke2 Ke6
53. Ke3 Kf5 54. Kf3 1/2-1/2

[Event "14. Lichtenberger Sommer"]
[Site "14. Lichtenberger Sommer"]
[Date "2015.08.18"]
[Round "4.120"]
[White "Semenishchev, Sergej"]
[Black "Ho, Ngoc Hai-Dang"]
[Result "0-1"]
[WhiteElo "771"]
[BlackElo "1264"]
[PlyCount "78"]
[EventDate "2015.??.??"]
[WhiteTeam "SC Friesen Lichtenberg"]
[BlackTeam "Schachunion Berlin"]

1. e4 e5 2. f4 exf4 3. d4 Qh4+ 4. g3 fxg3 5. Nf3 Qxe4+ 6. Qe2 Qxe2+ 7. Bxe2
gxh2 8. Bf4 d6 9. Bxh2 Nf6 10. Nc3 Be6 11. Nb5 Kd8 12. Ng5 h6 13. Nxe6+ fxe6
14. O-O-O a6 15. Nc3 d5 16. Rhe1 Kd7 17. Be5 h5 18. Kb1 Nc6 19. Rh1 h4 20. Rdf1
Nxe5 21. dxe5 Ne4 22. Nxe4 dxe4 23. Bg4 Re8 24. Rf4 e3 25. Re4 Bc5 26. Rf4 Ref8
27. Rc4 Bb6 28. Bh3 Rd8 29. Rg1 Rh7 30. Bg2 Kc8 31. Be4 e2 32. Bf3 Bxg1 33.
Bxe2 h3 34. a3 h2 35. Bf3 h1=Q 36. Bxh1 Rxh1 37. Rg4 Bd4+ 38. Ka2 Bxe5 39. Rxg7
Bxg7 0-1

[Event "14. Lichtenberger Sommer"]
[Site "14. Lichtenberger Sommer"]
[Date "2015.08.18"]
[Round "4.121"]
[White "Ziegel, Mandy Marie"]
[Black "Hamm, Oliver"]
[Result "1/2-1/2"]
[WhiteElo "1582"]
[BlackElo "1413"]
[PlyCount "62"]
[EventDate "2015.??.??"]
[WhiteTeam "SC Zugzwang 95 (Berlin)"]
[BlackTeam "SC Eintracht Berlin e.V."]

1. d4 d5 2. c4 e6 3. Nf3 c6 4. Nbd2 f5 5. g3 Nf6 6. Bg2 Bd6 7. O-O O-O 8. Qb3
Nbd7 9. Re1 Ne4 10. Qc2 Qf6 11. e3 g5 12. Re2 h5 13. b3 h4 14. Nxe4 fxe4 15.
Nd2 Qf5 16. cxd5 exd5 17. Bxe4 dxe4 18. Nxe4 Bc7 19. Bb2 Re8 20. Qc4+ Qd5 21.
Qxd5+ cxd5 22. Nxg5 hxg3 23. fxg3 Bd8 24. Nf3 Nb6 25. a4 Bg4 26. Rf1 Rf8 27.
Kg2 Bg5 28. h3 Bxf3+ 29. Rxf3 Rxf3 30. Kxf3 Rf8+ 31. Kg2 Re8 1/2-1/2

[Event "14. Lichtenberger Sommer"]
[Site "14. Lichtenberger Sommer"]
[Date "2015.08.19"]
[Round "5.1"]
[White "Stern, René"]
[Black "Von Herman, Ulf"]
[Result "1-0"]
[WhiteElo "2536"]
[BlackElo "2375"]
[PlyCount "51"]
[EventDate "2015.??.??"]
[WhiteTeam "SK König Tegel"]
[BlackTeam "SK König Tegel"]

1. d4 d5 2. c4 c6 3. cxd5 cxd5 4. Bf4 Nc6 5. e3 Nf6 6. Nc3 Bf5 7. Qb3 Na5 8.
Qa4+ Bd7 9. Qc2 e6 10. Nf3 Nh5 11. Be5 f6 12. Bg3 Nc6 13. a3 f5 14. Bh4 Nf6 15.
h3 Be7 16. g4 g6 17. gxf5 gxf5 18. Rg1 Ne4 19. Bxe7 Qxe7 20. Bb5 Rc8 21. Nxe4
dxe4 22. Ne5 Kd8 23. Bxc6 Bxc6 24. Rc1 Rc7 25. Qc5 Re8 26. Qxa7 1-0

[Event "14. Lichtenberger Sommer"]
[Site "14. Lichtenberger Sommer"]
[Date "2015.08.19"]
[Round "5.2"]
[White "Rietze, Clemens"]
[Black "Poetsch, Hagen"]
[Result "0-1"]
[WhiteElo "2289"]
[BlackElo "2498"]
[PlyCount "82"]
[EventDate "2015.??.??"]
[WhiteTeam "SC Rotation Pankow"]
[BlackTeam "SF Schöneck"]

1. d4 Nf6 2. c4 b6 3. f3 Nc6 4. d5 Ne5 5. e4 Ng6 6. Be3 e5 7. Nc3 Bc5 8. Bxc5
bxc5 9. Nge2 d6 10. Qd2 O-O 11. g3 Ne8 12. Bg2 f5 13. exf5 Bxf5 14. O-O Nf6 15.
Nc1 h6 16. Nd3 Qd7 17. Nf2 Ne7 18. Rfe1 Rae8 19. Re3 c6 20. Bf1 cxd5 21. cxd5
Rb8 22. Bc4 Bh7 23. Ree1 Nf5 24. Ne2 Qf7 25. Rf1 Qh5 26. Nd3 Rfe8 27. Kh1 e4
28. Ndf4 Qg5 29. b3 exf3 30. Rxf3 Qg4 31. Raf1 Ne4 32. Qb2 Ng5 33. h3 Nxh3 34.
Ne6 Ng5 35. Rxf5 Nxe6 36. dxe6 Bxf5 37. Nf4 Qxg3 38. Bd5 Rb4 39. Qh2 Be4+ 40.
Bxe4 Qxh2+ 41. Kxh2 Rxe4 0-1

[Event "14. Lichtenberger Sommer"]
[Site "14. Lichtenberger Sommer"]
[Date "2015.08.19"]
[Round "5.3"]
[White "Malek, Daniel"]
[Black "Lorenz, Sascha"]
[Result "1-0"]
[WhiteElo "2398"]
[BlackElo "2222"]
[PlyCount "97"]
[EventDate "2015.??.??"]
[WhiteTeam "SK Zehlendorf"]
[BlackTeam "SK König Tegel"]

1. d4 f5 2. g3 Nf6 3. Bg2 e6 4. c4 Be7 5. Nf3 O-O 6. O-O d6 7. b4 Qe8 8. Bb2
Ne4 9. Nbd2 Nxd2 10. Qxd2 Bf6 11. Rfe1 Qg6 12. Rac1 Bd7 13. b5 a6 14. a4 axb5
15. axb5 c6 16. bxc6 bxc6 17. Ra1 Na6 18. Ne5 Qe8 19. Nd3 Qb8 20. Bc3 d5 21.
Rab1 Qa7 22. cxd5 cxd5 23. e3 Rfc8 24. Bf1 Be8 25. Rb2 Rab8 26. Ra1 Rxb2 27.
Qxb2 Qc7 28. Rxa6 Qxc3 29. Qxc3 Rxc3 30. Rxe6 Bb5 31. Ne1 Ba4 32. Kg2 f4 33.
gxf4 Bd7 34. Rd6 Bf5 35. Kg3 Rc1 36. Bd3 Bc8 37. Nf3 h5 38. h3 Rh1 39. Rxd5
Rxh3+ 40. Kg2 Bg4 41. Ng1 Rh4 42. f3 Bc8 43. Bg6 Bb7 44. Rb5 Rg4+ 45. Kh2 Rxg6
46. Rxb7 Bh4 47. Ne2 Ra6 48. Ng3 g6 49. Kh3 1-0

[Event "14. Lichtenberger Sommer"]
[Site "14. Lichtenberger Sommer"]
[Date "2015.08.19"]
[Round "5.4"]
[White "Vogel, Robert"]
[Black "Muse, Drazen"]
[Result "1/2-1/2"]
[WhiteElo "2218"]
[BlackElo "2408"]
[PlyCount "38"]
[EventDate "2015.??.??"]
[WhiteTeam "SG Pang-Rosenheim"]
[BlackTeam "SK König Tegel"]

1. d4 Nf6 2. c4 e6 3. Nc3 Bb4 4. e3 c5 5. Bd3 d5 6. Nf3 Nc6 7. O-O O-O 8. a3
cxd4 9. axb4 dxc3 10. bxc3 dxc4 11. Bxc4 Qc7 12. Be2 b6 13. Bb2 Bb7 14. Qb3 Ng4
15. Rfd1 Rfc8 16. c4 a5 17. bxa5 Nxa5 18. Qc3 Nf6 19. Rac1 Rd8 1/2-1/2

[Event "14. Lichtenberger Sommer"]
[Site "14. Lichtenberger Sommer"]
[Date "2015.08.19"]
[Round "5.5"]
[White "Brüdigam, Martin"]
[Black "Postler, Reinhard"]
[Result "1-0"]
[WhiteElo "2371"]
[BlackElo "2214"]
[PlyCount "65"]
[EventDate "2015.??.??"]
[WhiteTeam "SK König Tegel"]
[BlackTeam "TSG Oberschöneweide"]

1. e4 c5 2. Nf3 e6 3. d4 cxd4 4. Nxd4 a6 5. c4 Nf6 6. Nc3 Qc7 7. a3 d6 8. Be2
b6 9. Be3 Bb7 10. f3 Nbd7 11. Rc1 Rc8 12. O-O Qb8 13. b4 Be7 14. Qd2 O-O 15.
Rfd1 Rfe8 16. Kh1 Bf8 17. Nb3 d5 18. cxd5 exd5 19. Bf4 Qa8 20. Nxd5 Nxd5 21.
exd5 Bxd5 22. Rxc8 Qxc8 23. Rc1 Qa8 24. Nd4 Nf6 25. Bg5 Nd7 26. Bf1 Ne5 27. Rc3
a5 28. Nc2 f6 29. Be3 Re6 30. bxa5 Qxa5 31. Nb4 Bb7 32. Qa2 Kf7 33. Rc7+ 1-0

[Event "14. Lichtenberger Sommer"]
[Site "14. Lichtenberger Sommer"]
[Date "2015.08.19"]
[Round "5.6"]
[White "Dauth, Benjamin"]
[Black "Ferster, Fabian"]
[Result "1-0"]
[WhiteElo "2360"]
[BlackElo "2142"]
[PlyCount "91"]
[EventDate "2015.??.??"]
[WhiteTeam "SC Rotation Pankow"]
[BlackTeam "SK Ottenau"]

1. e4 g6 2. d4 Bg7 3. c3 d6 4. f4 Nf6 5. Bd3 e5 6. Nf3 Bg4 7. O-O O-O 8. Kh1
Qe7 9. Qe1 Bxf3 10. Rxf3 exd4 11. cxd4 Nc6 12. Nc3 Nxd4 13. Rh3 Rfe8 14. Qh4 a6
15. Be3 Nb5 16. Nd5 Nxd5 17. Qxh7+ Kf8 18. exd5 Qxe3 19. Rxe3 Rxe3 20. f5 Rae8
21. Rf1 Re1 22. g4 Rxf1+ 23. Bxf1 Re1 24. Kg2 g5 25. Qh5 Rb1 26. Qxg5 Rxb2+ 27.
Kf3 Bd4 28. Be2 Nc3 29. f6 Rxe2 30. Qg7+ Ke8 31. Qg8+ Kd7 32. Qxf7+ Kd8 33.
Qg8+ Kd7 34. Qf7+ Kd8 35. g5 Re8 36. h4 Ne4 37. Qxe8+ Kxe8 38. Kxe4 Be5 39. h5
Kf8 40. Kf5 c5 41. h6 Kg8 42. g6 c4 43. Ke6 c3 44. Ke7 Bxf6+ 45. Kxf6 c2 46.
h7+ 1-0

[Event "14. Lichtenberger Sommer"]
[Site "14. Lichtenberger Sommer"]
[Date "2015.08.19"]
[Round "5.7"]
[White "McGowan, Daniel"]
[Black "Gullaksen, Eirik"]
[Result "0-1"]
[WhiteElo "2120"]
[BlackElo "2345"]
[PlyCount "70"]
[EventDate "2015.??.??"]
[WhiteTeam "SF 1903 Berlin"]
[BlackTeam "Bergens schakklub"]

1. e4 c5 2. Nf3 Nc6 3. Bb5 Nf6 4. Bxc6 dxc6 5. d3 Bg4 6. h3 Bh5 7. g4 Bg6 8.
Ne5 Nd7 9. Nxd7 Qxd7 10. f4 f6 11. f5 Bf7 12. Be3 e6 13. Nd2 O-O-O 14. Qf3 exf5
15. gxf5 Qe8 16. Qf2 Qe5 17. O-O Qxb2 18. Nb3 b6 19. Rab1 Qc3 20. Nc1 Bd6 21.
Rd1 g6 22. Ne2 Qe5 23. Bf4 Qe7 24. Bxd6 Rxd6 25. a4 Qe5 26. a5 b5 27. d4 Qxe4
28. Ng3 Qe7 29. Re1 Qd7 30. Ne4 Rxd4 31. c3 Rxe4 32. Rxe4 gxf5 33. Rf4 Qd3 34.
Rf1 Qxh3 35. Qxc5 Qg3+ 0-1

[Event "14. Lichtenberger Sommer"]
[Site "14. Lichtenberger Sommer"]
[Date "2015.08.19"]
[Round "5.8"]
[White "Hamann, Carsten"]
[Black "De Marchi, Olivier"]
[Result "1/2-1/2"]
[WhiteElo "2116"]
[BlackElo "2283"]
[PlyCount "42"]
[EventDate "2015.??.??"]
[WhiteTeam "Preetzer TSV"]
[BlackTeam "La Diagonale - Eybens"]

1. e4 c5 2. b4 cxb4 3. a3 d5 4. exd5 Qxd5 5. Nf3 e5 6. c4 Qe6 7. Bb2 Nc6 8. Bd3
Nf6 9. O-O Bd6 10. Re1 O-O 11. axb4 Nxb4 12. Bf1 e4 13. d3 Qd7 14. dxe4 Nxe4
15. Bd4 Re8 16. Rxa7 Rxa7 17. Bxa7 Bc5 18. Bxc5 Nxc5 19. Rxe8+ Qxe8 20. Qd2 Nc6
21. Na3 Be6 1/2-1/2

[Event "14. Lichtenberger Sommer"]
[Site "14. Lichtenberger Sommer"]
[Date "2015.08.19"]
[Round "5.9"]
[White "Federau, Jürgen"]
[Black "Lerch, Philipp"]
[Result "1-0"]
[WhiteElo "2121"]
[BlackElo "2302"]
[PlyCount "67"]
[EventDate "2015.??.??"]
[WhiteTeam "SC Kreuzberg e.V."]
[BlackTeam "SC Kreuzberg"]

1. d4 Nf6 2. c4 g6 3. g3 Bg7 4. Bg2 O-O 5. Nc3 d6 6. e4 c5 7. d5 Nbd7 8. Nge2
Ne5 9. b3 Bg4 10. h3 Bf3 11. Kf1 Nfd7 12. Rb1 Qa5 13. Qc2 e6 14. Bd2 exd5 15.
exd5 Qd8 16. Ng1 Qf6 17. Re1 Rae8 18. Re3 Bxg2+ 19. Kxg2 g5 20. Nf3 h6 21. Rhe1
Rd8 22. Rf1 Ng6 23. Rfe1 Nde5 24. R1e2 Ne7 25. Nxe5 dxe5 26. Rxe5 Qxe5 27. Rxe5
Bxe5 28. Ne4 b6 29. Bc3 Ng6 30. Bxe5 Nxe5 31. Nf6+ Kg7 32. Qf5 Ng6 33. Nh5+ Kh7
34. Qf6 1-0

[Event "14. Lichtenberger Sommer"]
[Site "14. Lichtenberger Sommer"]
[Date "2015.08.19"]
[Round "5.10"]
[White "Abel, Dennes"]
[Black "Kather, Yannick"]
[Result "1-0"]
[WhiteElo "2435"]
[BlackElo "2041"]
[PlyCount "71"]
[EventDate "2015.??.??"]
[WhiteTeam "SK Ricklingen"]
[BlackTeam "SC Weisse Dame (Berlin)"]

1. d4 Nf6 2. c4 g6 3. Nc3 d5 4. Bg5 Ne4 5. Bh4 Nxc3 6. bxc3 dxc4 7. e3 Be6 8.
Qb1 Bg7 9. Nf3 Qd5 10. Be2 Bf5 11. Qb4 c5 12. Qb5+ Bd7 13. Bxc4 Qxf3 14. gxf3
Bxb5 15. Bxb5+ Kf8 16. Rb1 a6 17. Bd3 b5 18. a4 b4 19. cxb4 cxd4 20. Ke2 Nd7
21. Rhc1 Nb6 22. a5 Na4 23. exd4 Bxd4 24. Rb3 Kg7 25. Rc7 Rab8 26. Bc4 e6 27.
Bg3 Rhc8 28. Bxa6 Rd8 29. Rc4 e5 30. Rxd4 exd4 31. Bxb8 Rxb8 32. Bc4 Nc3+ 33.
Kd2 Rc8 34. Kd3 Rd8 35. Ra3 Rb8 36. a6 1-0

[Event "14. Lichtenberger Sommer"]
[Site "14. Lichtenberger Sommer"]
[Date "2015.08.19"]
[Round "5.11"]
[White "Wörz, Markus"]
[Black "Figura, Atila Gajo"]
[Result "0-1"]
[WhiteElo "2065"]
[BlackElo "2384"]
[PlyCount "76"]
[EventDate "2015.??.??"]
[WhiteTeam "SC Kreuzberg"]
[BlackTeam "SC Kreuzberg"]

1. e4 c6 2. d4 d5 3. Nd2 a6 4. c3 g6 5. h3 Bg7 6. Ngf3 Nh6 7. Bd3 f6 8. b3 Nf7
9. Bb2 O-O 10. O-O e5 11. Re1 f5 12. exf5 e4 13. fxg6 hxg6 14. Nxe4 dxe4 15.
Bxe4 Qf6 16. Ba3 Rd8 17. Bc2 Bf8 18. Bxf8 Rxf8 19. Qe2 c5 20. d5 Qxc3 21. Bxg6
Qg7 22. Qd3 Nd6 23. Kh2 b5 24. Rac1 c4 25. bxc4 bxc4 26. Qb1 Rf6 27. Bc2 Nd7
28. Qb2 Nf8 29. Re5 Nf7 30. Rh5 Bd7 31. Re1 Re8 32. Rxe8 Bxe8 33. Qb8 Rxf3 34.
Qxe8 Rxf2 35. Bh7+ Kh8 36. Bg6+ Nh6 37. Qe3 Rxg2+ 38. Kh1 Rxg6 0-1

[Event "14. Lichtenberger Sommer"]
[Site "14. Lichtenberger Sommer"]
[Date "2015.08.19"]
[Round "5.12"]
[White "Kalinitschew, Sergey"]
[Black "Miersch, Marco"]
[Result "1/2-1/2"]
[WhiteElo "2410"]
[BlackElo "2137"]
[PlyCount "52"]
[EventDate "2015.??.??"]
[WhiteTeam "SC Kreuzberg"]
[BlackTeam "SV Berolina Mitte"]

1. e4 e5 2. Nf3 Nc6 3. d4 exd4 4. Nxd4 Bc5 5. Nb3 Be7 6. Nc3 Nf6 7. Be2 O-O 8.
O-O Re8 9. f4 d6 10. Bf3 Bf8 11. Re1 Be6 12. Be3 Qd7 13. h3 Rad8 14. Bf2 Kh8
15. Qd2 a6 16. Rad1 Ng8 17. g4 h5 18. f5 Ne5 19. Qe3 Bc4 20. Kg2 g6 21. Nc5 Qe7
22. Nxb7 Bh6 23. Qd4 c5 24. Nxc5 dxc5 25. Qxc5 Qxc5 26. Bxc5 Bd2 1/2-1/2

[Event "14. Lichtenberger Sommer"]
[Site "14. Lichtenberger Sommer"]
[Date "2015.08.19"]
[Round "5.13"]
[White "Donath, Johann"]
[Black "Bazarov, Konstantin"]
[Result "0-1"]
[WhiteElo "2060"]
[BlackElo "2321"]
[PlyCount "74"]
[EventDate "2015.??.??"]
[WhiteTeam "BSV 63 Chemie Weißensee"]
[BlackTeam "Moscow"]

1. e4 c5 2. c3 d5 3. exd5 Qxd5 4. d4 e6 5. Nf3 Nf6 6. Be3 cxd4 7. cxd4 Nc6 8.
Nc3 Qd6 9. Bd3 Be7 10. O-O O-O 11. Qe2 b6 12. Rad1 Bb7 13. Rfe1 Nb4 14. Bb1
Rac8 15. Bg5 Rfe8 16. Bh4 Ba6 17. Qe5 Qd8 18. d5 Nbxd5 19. Nxd5 exd5 20. b3 Bb4
21. Qf5 Bxe1 22. Bxf6 Bxf2+ 23. Kxf2 Re2+ 24. Kg1 Qxf6 25. Qxh7+ Kf8 26. Bd3
Bxd3 27. Qh8+ Ke7 28. Qxc8 Be4 29. Qc7+ Ke8 30. Qb8+ Qd8 31. Qe5+ Kf8 32. Qh5
Kg8 33. Qg4 Qc7 34. Ne1 Qc5+ 35. Kh1 Qe3 36. Nf3 g6 37. a3 Qxb3 0-1

[Event "14. Lichtenberger Sommer"]
[Site "14. Lichtenberger Sommer"]
[Date "2015.08.19"]
[Round "5.14"]
[White "Schild, Christoph"]
[Black "Guenther, Thomas"]
[Result "1-0"]
[WhiteElo "2375"]
[BlackElo "2081"]
[PlyCount "57"]
[EventDate "2015.??.??"]
[WhiteTeam "SK Freiburg-Zähringen 1887 e.V."]
[BlackTeam "SV Senat (FV Schach)"]

1. g3 e5 2. c4 Nc6 3. Bg2 g6 4. Nc3 Bg7 5. d3 Nge7 6. Rb1 d6 7. b4 Nf5 8. b5
Nce7 9. Bg5 f6 10. Bd2 Nd4 11. e3 Ne6 12. Nge2 f5 13. Nd5 O-O 14. O-O g5 15. f4
gxf4 16. exf4 c5 17. bxc6 Nxc6 18. Bc3 Rb8 19. Ne3 Ned4 20. Bxd4 Nxd4 21. Nxd4
exd4 22. Nd5 Bd7 23. Re1 Re8 24. Qh5 b5 25. Rxe8+ Bxe8 26. Qxf5 bxc4 27. Rxb8
Qxb8 28. Ne7+ Kh8 29. Be4 1-0